| 000 | 00501nam a2200181Ia 4500 | ||
|---|---|---|---|
| 005 | 20250508163404.0 | ||
| 008 | 008 250505s9999 xx 000 0 eng d | ||
| 037 | _aBooks to be hide in OPAC | ||
| 040 |
_aFEDL _beng _cFEDL |
||
| 041 |
_aeng _2eng |
||
| 084 |
_a372, HAR/O _qFEDL |
||
| 100 |
_aHarry E S _9775250 |
||
| 245 | 0 | _aJanet's journal | |
| 260 |
_aLondon, UK _bGeorge Allen and Unwin Limited _c1953 |
||
| 300 | _a47p. | ||
| 942 |
_cHB _h372, HAR/O |
||
| 999 |
_c1382762 _d1382762 |
||